[Event "SCG-ch U16"]
[Site "Niska Banja"]
[Date "2004.??.??"]
[Round "3"]
[White "Petrovic, Stefan"]
[Black "Toth, Aleksandar"]
[Result "0-1"]
[WhiteElo "2161"]
[BlackElo "2132"]
[PlyCount "54"]
[EventDate "2004.04.??"]
[EventType "swiss"]
[EventRounds "9"]
[EventCountry "YUG"]
[SourceTitle "CBM 099 Extra"]
[Source "ChessBase"]
[SourceDate "2004.05.04"]
[SourceVersion "1"]
[SourceVersionDate "2004.05.04"]
[SourceQuality "1"]

1. e4 e5 2. Nf3 Nc6 3. c3 d5 4. Bb5 dxe4 5. Nxe5 Qd5 6. Nxc6 Qxb5 7. Nd4 Qe5 8. Qe2 Bc5 9. Nb3 Bd6 10. Na3 Be6 11. Nb5 Nf6 12. Nxd6+ cxd6 13. Nd4 0-0 14. b3 Nd5 15. g3 Nb4 16. 0-0 Bh3 17. Rd1 Nc6 18. Nc2 f5 19. Ba3 Bg4 20. Qc4+ d5 21. Qb5 Bxd1 22. Rxd1 Rf7 23. Ne3 Rd8 24. Bb2 f4 25. Nf1 Qh5 26. Re1 Ne5 27. Qe2 f3 0-1